000 01308nam a22001577a 4500
999 _c520205
_d520205
008 220720b ||||| |||| 00| 0 eng d
100 _aMalini, S. and Aishwarya, K. S.
_933834
245 _aGendered impact of the pandemic: A study on the domestic workload of working women
260 _aThe Indian Journal of Economics
300 _a101(3), Jan, 2021: p.505-512
520 _aConsidering the Covid-19 global health pandemic, this paper aims to examine the socio -economic issues faced by working women in Chennai city. Primary data was collected through the circulation of questionnaires in digital platforms and tele interviews. The sample size of the study was 50 respondents from Chennai City. The data was analysed using MS- EXCEL and SPSS software. The formulated hypothesis is tested using the Chi-square test. The paper analysed the economic and mental health status of working women. The study also traces the domestic burden and changes in the work-life balance of working women due to COVID 19 lockdown. – Reproduced
650 _aPandemic, Lockdown, Socio-economic issues, Working women, Labour force participation, Economic status, Domestic burden, Work life balance, Mental health.
_932180
773 _aThe Indian Journal of Economics
906 _aDOMESTIC WORKERS
942 _cAR